Statistics for Countries that have had the most elected/appointed female leaders

Click here to take the quiz!

General Stats

  • This quiz has been taken 18 times
  • The average score is 4 of 9

Answer Stats

Number Answer % Correct
3Finland
78%
3Norway
78%
7Switzerland
50%
3South Korea
50%
3Poland
39%
3Peru
28%
16San Marino
22%
3Sri Lanka
17%
3Haiti
0%

Score Distribution

Percentile by Number Answered

Percent of People with Each Score

Your Score History

You have not taken this quiz